000 01204cam a2200325 i 4500
001 5745
003 Mx-PuUPA
005 20250825140134.0
008 140415s2015 mx a gr 000 0 spa d
020 _a9786077901662
040 _aMx-PuUPA
_bspa
_cMx-PuUPA
_dMx-PuUPA
_erda
041 0 _aspa
245 0 4 _aLos dilemas éticos de la convivencia humana :
_bperspectivas universitarias /
_cMaría Belén Castaño Corvo, compiladora
250 _aPrimera edición
264 1 _aPuebla, México :
_bUniversidad Iberoamericana Puebla,
_c2015
300 _a97 páginas :
_bilustraciones ;
_c21 cm
336 _2rdacontent
_atexto
_btxt
337 _2rdamedia
_asin medio
_bn
338 _2rdacarrier
_avolumen
_bnc
650 7 _2armarc
_aEducación moral
650 7 _2armarc
_aValores (Filosofía)
_xEstudio y enseñanza (superior)
650 7 _2armarc
_aEstudiantes universitarios
650 7 _2armarc
_aEducación superior
650 7 _2armarc
_aÉtica
700 1 _aCastaño corvo, María Belén,
_ecompilador
_917385
942 _2ddc
_cLI
_h370.114
_iD57
999 _c5745
_d5745